000 00526nam a2200217Ia 4500
003 OSt
005 20220928141836.0
006 a|||||r|||| 00| 0
007 ta
008 220927b |||||||| |||| 00| 0 eng d
024 _a18048
037 _cTextual
040 _aSDCL
_cSDCL
_beng
041 _2eng
_aeng
082 _aX:87, M3
100 _aKakabadse Andrew
_9502471
245 0 _aPolitics of management
260 _c1983
942 _hX:87, M3
_cTEXL
_2CC
999 _c820320
_d820320